| 000 | 01203nam a2200301 i 4500 | ||
|---|---|---|---|
| 001 | 000027448 | ||
| 003 | DO-SdBNP | ||
| 005 | 20241126144100.0 | ||
| 007 | ta | ||
| 008 | 110331s1983 dr ao 000 0 spa d | ||
| 040 |
_aDO-SdBNP _bspa _cBNPHU _erda |
||
| 082 |
_axx _bB737 _222 |
||
| 100 | 1 |
_aBorrell B., Pedro J., _d1944- _eautor _4aut. _966970 |
|
| 245 | 1 | 0 |
_aHistoria y rescate del Galeon nuestra señora de la Concepción / _cPedro Borrell B. ; fotografías Federico Schad |
| 260 | _fEditor Amigo del Hogar | ||
| 264 | 1 |
_aSanto Domingo : _bMuseo de las Casas Reales, _bComisión de Rescate Arqueológico Submarino, _bGrupo de investigaciones Submarinas, _c1983. |
|
| 300 |
_a122 páginas _bilustraciones, fotografías ; _c19 cm. |
||
| 336 |
_atexto _btxt _2rdacontent |
||
| 337 |
_asin mediación _bn _2rdamedia |
||
| 338 |
_avolumen _bnc _2rdacarrier |
||
| 500 | _aIncluye datos biografícos del autor en la contraportada. | ||
| 590 | _aInventariado, 2024/ YL | ||
| 700 | 1 |
_aSchad, Federico _efotografías _4fot. _986837 |
|
| 710 | 2 |
_aComisión de Rescate Arqueológico Submarino _954517 |
|
| 710 | 2 |
_aGrupo de Investigaciones Submarinas(GIS) _954518 |
|
| 910 | _aYLockward | ||
| 942 |
_2ddc _cLBS1 |
||
| 999 |
_c26940 _d26940 |
||